000 00986nam a2200265 a 4500
001 000020083
005 20200929170246.0
008 100720s2009 cu 000 f spa d
020 _a9789591015891
040 _aDO-SdBNP
_bspa
_cBNPHU
082 _aCu863.44
_bL686zP 2009
100 1 _aLezama Lima, José,
_d1910-
_942658
245 1 0 _aParadiso /
_cJosé Lezama Lima ; edición y corrección Rogelio Riverón y Anet Rodríguez-Ojea.
250 _a4a ed.
260 _aLa Habana :
_bLetras cubanas,
_c2009.
300 _a550 p. ;
_c23 cm.
500 _aIncluye datos biográficos del autor en la contracubierta.
504 _aIncluye referencias bibliográficas y notas al pie de las páginas.
600 1 4 _aLEZAMA LIMA, JOSÉ,
_d1910-1976
_xCRÍTICA E INTERPRETACIÓN
_942659
650 4 _aNovela cubana
_92316
650 4 _aLiteratura cubana
_91483
700 1 _aRiverón, Rogelio,
_eed. y corr.
_942660
700 1 _aRodríguez-Ojea, Anet,
_eed. y corr.
_942661
049 _aBNPD
999 _c19591
_d19591